Obnova bývalej školy v Pezinku

Gespeichert in:
Bibliographische Detailangaben
1. Verfasser: Dolníková, Adriana (Verfasst von)
Weitere Verfasser: Vodrážka, Peter (Betreuung Doktorarbeit)
Format: Manuskript Buch
Sprache:Slowakisch
Veröffentlicht: Bratislava 2021
Schlagworte:
Online-Zugang:http://is.stuba.sk/zp/portal_zp.pl?podrobnosti=159909
Tags: Tag hinzufügen
Keine Tags, Fügen Sie das erste Tag hinzu!

MARC

LEADER 00000ntm a22000003a 4500
001 stuzp83342
003 SK-STU
005 20220216085439.3
007 ta
008 150427s2015----xo-----f-mn---000-0-slo-d
040 |a STU  |b slo 
041 0 |a slo 
100 1 |a Dolníková, Adriana  |u 053130  |4 aut  |U FAD Fakulta architektúry a dizajnu  |T FAD Ústav dejín a teórie architektúry a obnovy pamiatok  |X 82329  |U A3130  |Y 394  |7 82329 
242 0 1 |a Restoration of the former School Building in Pezinok  |y eng 
245 1 0 |a Obnova bývalej školy v Pezinku 
260 |c 2021  |a Bratislava 
650 4 |a komunitné centrum  |2 slo 
650 4 |a škola  |2 slo 
650 4 |a obnova  |2 slo 
650 4 |a komunita  |2 slo 
650 4 |a variabilita  |2 slo 
650 4 |a school  |2 eng 
650 4 |a restoration  |2 eng 
650 4 |a community  |2 eng 
650 4 |a variability  |2 eng 
650 4 |a community center  |2 eng 
700 1 |a Vodrážka, Peter  |u 053130  |k Z1  |4 ths  |U FAD Fakulta architektúry a dizajnu  |T FAD Ústav dejín a teórie architektúry a obnovy pamiatok  |X 459  |U A3130  |Y 394  |7 A000000459 
856 4 |u http://is.stuba.sk/zp/portal_zp.pl?podrobnosti=159909  |u https://opac.crzp.sk/?fn=detailBiblioForm&sid=52328540584FDC4D9B812CAB80F2